000
00334nam a2200145Ia 4500
005
20251222144921.0
008
251222s9999||||xx |||||||||||||| ||spa||
020
_a
9789972239366
082
_a
863/B28/2005
100
_a
Bayly, Jaime
245
0
_a
Y de repente, un Ángel
250
_a
1ra. ed.
264
_b
Planeta
942
_c
LIB
999
_c
22711
_d
22711